Statistics for Biggest U.S. Cities by Letter - L

Click here to take the quiz!

General Stats

  • This quiz has been taken 33,861 times
    (6,710 since last reset)
  • The average score is 9 of 18

Answer Stats

Pop State Hint City % Correct
3,990,456California"City of Angels"Los Angeles
100%
644,644Nevada"Sin City"Las Vegas
98%
620,118KentuckyBaseball batsLouisville
84%
287,401NebraskaUniversityLincoln
68%
118,427MichiganState capitalLansing
68%
197,881ArkansasIntegrationLittle Rock
64%
323,780KentuckyBluegrassLexington-
Fayette
56%
102,926N. MexicoSpanish for
"The Crosses"
Las Cruces
54%
467,354CaliforniaSnoop DoggLong Beach
44%
255,885TexasTexas TechLubbock
43%
261,639TexasRio GrandeLaredo
42%
126,143Louisiana"Heart of Cajun
Country"
Lafayette
35%
159,053CaliforniaWar of the RosesLancaster
27%
110,516FloridaHas 38 lakesLakeland
25%
111,670Mass.Textile millsLowell
24%
156,798ColoradoDenver suburbLakewood
15%
106,244TexasHouston suburb{League} City
10%
106,586TexasDallas suburbLewisville
9%

Score Distribution

Percentile by Number Answered

Percent of People with Each Score

Your Score History

You have not taken this quiz since the last reset